[Event "Montreal op"]
[Site "Montreal CAN"]
[Date "2009.09.12"]
[Round "2"]
[White "Bolduc, Steve"]
[Black "Melia, Salome"]
[Result "0-1"]
[WhiteElo "2244"]
[BlackElo "2441"]
[PlyCount "104"]
[GameId "2160767910096685"]
[EventDate "2009.09.11"]
[EventType "swiss"]
[EventRounds "5"]
[EventCountry "CAN"]
[SourceTitle "EXT 2011"]
[Source "ChessBase"]
[SourceDate "2011.11.26"]
[SourceVersion "1"]
[SourceVersionDate "2011.11.26"]
[SourceQuality "1"]

1. c4 e6 2. Nc3 d5 3. d4 Be7 4. Nf3 Nf6 5. Bg5 h6 6. Bh4 O-O 7. e3 b6 8. Rc1 Bb7 9. Bxf6 Bxf6 10. cxd5 exd5 11. b4 c6 12. Bd3 Qd6 13. Qb3 Be7 14. Rb1 Nd7 15. O-O a5 16. b5 c5 17. Bf5 Rad8 18. Rfd1 Bf6 19. Qa3 Be7 20. Na4 g6 21. Bh3 f5 22. g3 Qe6 23. Qd3 c4 24. Qc2 Bd6 25. Nh4 Be7 26. Bg2 g5 27. Nf3 Bd6 28. h4 g4 29. Nd2 Kg7 30. Nc3 Bxg3 31. fxg3 Qxe3+ 32. Kh2 f4 33. Nf1 Qe7 34. Re1 Qf6 35. gxf4 Qxh4+ 36. Kg1 Rxf4 37. Re6 Nf8 38. Rxb6 Bc8 39. Re1 Qxe1 40. Qe2 Qxe2 41. Nxe2 Rf6 42. Rb8 Nd7 43. Ra8 Nb6 44. Rxa5 h5 45. Ra7+ Rd7 46. Rxd7+ Bxd7 47. Nc3 Rf8 48. Ne3 Ra8 49. Bxd5 Ra3 50. Ned1 Nxd5 51. Nxd5 Bxb5 52. N5c3 Ba4 0-1

[Event "Montreal op"]
[Site "Montreal CAN"]
[Date "2009.09.12"]
[Round "2"]
[White "Castellanos Rodriguez, Renier"]
[Black "Chabot, Roland"]
[Result "0-1"]
[WhiteElo "2431"]
[BlackElo "2245"]
[PlyCount "130"]
[GameId "2160767910096687"]
[EventDate "2009.09.11"]
[EventType "swiss"]
[EventRounds "5"]
[EventCountry "CAN"]
[SourceTitle "EXT 2011"]
[Source "ChessBase"]
[SourceDate "2011.11.26"]
[SourceVersion "1"]
[SourceVersionDate "2011.11.26"]
[SourceQuality "1"]

1. e4 c5 2. Nf3 e6 3. d4 cxd4 4. Nxd4 Nf6 5. Nc3 d6 6. g4 h6 7. h3 Nc6 8. Be3 a6 9. f4 d5 10. e5 Nd7 11. Qd2 g5 12. f5 Ndxe5 13. O-O-O Bg7 14. fxe6 fxe6 15. Nxc6 bxc6 16. Bc5 Nd7 17. Ba3 Qa5 18. Qe1 Kf7 19. Bd3 Bxc3 20. Rf1+ Nf6 21. Rxf6+ Kxf6 22. Qf2+ Kg7 23. Rf1 Bd2+ 24. Kb1 Bf4 25. Bd6 Rf8 26. Qd4+ Rf6 27. Be5 Qd8 28. h4 Kf7 29. Bxf6 Qxf6 30. Qc5 Bd7 31. hxg5 hxg5 32. Rh1 Rg8 33. Qa7 Qe7 34. Qxa6 Rg7 35. a4 e5 36. Bf5 Bxf5 37. gxf5 Qd7 38. Qa8 Kf6 39. a5 g4 40. a6 g3 41. Qf8+ Rf7 42. Qh8+ Kxf5 43. Qh5+ Kf6 44. Qh4+ Ke6 45. Rd1 Kd6 46. Qh8 g2 47. Qb8+ Ke6 48. Qg8 Qa7 49. c4 d4 50. Qg6+ Ke7 51. Qxc6 Rg7 52. Rg1 d3 53. c5 d2 54. Qd6+ Kf7 55. Kc2 Rg6 56. Qd5+ Ke7 57. Rxg2 Rxg2 58. Qd6+ Kf7 59. Qd5+ Kf6 60. Qc6+ Kf5 61. Qc8+ Ke4 62. Qb7+ Qxb7 63. axb7 d1=Q+ 64. Kxd1 Rxb2 65. c6 Kd3 0-1

[Event "Montreal op"]
[Site "Montreal CAN"]
[Date "2009.09.12"]
[Round "2"]
[White "Fareh, Youness"]
[Black "Plante, Michel"]
[Result "0-1"]
[WhiteElo "2140"]
[BlackElo "2249"]
[PlyCount "62"]
[GameId "2160767910096688"]
[EventDate "2009.09.11"]
[EventType "swiss"]
[EventRounds "5"]
[EventCountry "CAN"]
[SourceTitle "EXT 2011"]
[Source "ChessBase"]
[SourceDate "2011.11.26"]
[SourceVersion "1"]
[SourceVersionDate "2011.11.26"]
[SourceQuality "1"]

1. Nf3 Nf6 2. c4 e6 3. g3 d5 4. Bg2 c6 5. d4 Nbd7 6. O-O Bd6 7. b3 Qe7 8. Bb2 dxc4 9. bxc4 e5 10. d5 cxd5 11. cxd5 O-O 12. Nc3 a6 13. e4 b5 14. a3 Nb6 15. Nd2 Bd7 16. Qe2 Rfc8 17. Rfc1 Rc7 18. Nd1 Rxc1 19. Bxc1 Rc8 20. Qe3 Bc5 21. Qb3 Na4 22. Qa2 Bd4 23. Rb1 Bg4 24. Nf3 Nxe4 25. Bd2 Bxf3 26. Bxf3 Nxd2 27. Qxd2 Qxa3 28. Bg4 Rd8 29. Qa5 Qd6 30. Bf3 f5 31. Ne3 Bc3 0-1

[Event "Montreal op"]
[Site "Montreal CAN"]
[Date "2009.09.12"]
[Round "2"]
[White "Gerzhoy, Leonid"]
[Black "Tessier, Olivier"]
[Result "1/2-1/2"]
[WhiteElo "2412"]
[BlackElo "2213"]
[PlyCount "100"]
[GameId "2160767910096689"]
[EventDate "2009.09.11"]
[EventType "swiss"]
[EventRounds "5"]
[EventCountry "CAN"]
[SourceTitle "EXT 2011"]
[Source "ChessBase"]
[SourceDate "2011.11.26"]
[SourceVersion "1"]
[SourceVersionDate "2011.11.26"]
[SourceQuality "1"]

1. e4 c5 2. c3 Nf6 3. e5 Nd5 4. d4 cxd4 5. Nf3 e6 6. cxd4 Nc6 7. Nc3 Nxc3 8. bxc3 d6 9. Bf4 dxe5 10. Nxe5 Nxe5 11. Bxe5 Qa5 12. Qb3 Bd7 13. Be2 Ba4 14. Qb2 Bc6 15. O-O f6 16. Bg3 h5 17. f3 h4 18. Bf2 h3 19. g3 Rc8 20. Rfe1 Qf5 21. Qb3 Bxf3 22. Bc4 Be4 23. Re3 Kf7 24. Bf1 Bc6 25. c4 Bd6 26. Rae1 Rhe8 27. Bd3 Qg4 28. Be4 Bf4 29. Bxc6 bxc6 30. Re4 g5 31. d5 exd5 32. Rxe8 Rxe8 33. Qb7+ Kg6 34. Rxe8 Qd1+ 35. Be1 Qd4+ 36. Kf1 Qd3+ 37. Re2 Qf3+ 38. Rf2 Qd3+ 39. Kg1 Be3 40. Qe7 Bxf2+ 41. Kxf2 Qd4+ 42. Qe3 Qxc4 43. Qe8+ Kg7 44. Qd7+ Kg6 45. Qxh3 Qxa2+ 46. Kg1 Qe2 47. Bf2 d4 48. Qh8 d3 49. Qg8+ Kh6 50. Qh8+ Kg6 1/2-1/2

[Event "Montreal op"]
[Site "Montreal CAN"]
[Date "2009.09.12"]
[Round "2"]
[White "Masse, Hugues"]
[Black "Sambuev, Bator"]
[Result "0-1"]
[WhiteElo "2267"]
[BlackElo "2531"]
[PlyCount "146"]
[GameId "2160767910096695"]
[EventDate "2009.09.11"]
[EventType "swiss"]
[EventRounds "5"]
[EventCountry "CAN"]
[SourceTitle "EXT 2011"]
[Source "ChessBase"]
[SourceDate "2011.11.26"]
[SourceVersion "1"]
[SourceVersionDate "2011.11.26"]
[SourceQuality "1"]

1. d4 Nf6 2. c4 g6 3. Nc3 Bg7 4. e4 d6 5. Nf3 O-O 6. Be2 e5 7. Be3 Ng4 8. Bg5 f6 9. Bh4 g5 10. Bg3 Nh6 11. d5 Nd7 12. Nd2 f5 13. exf5 Nxf5 14. Nde4 a5 15. O-O b6 16. a3 Nc5 17. Rb1 a4 18. Nxc5 bxc5 19. Bd3 Qe8 20. Qg4 h6 21. Qe4 Bf6 22. f3 Qe7 23. Bc2 Qg7 24. Nb5 Bd8 25. Bf2 Bd7 26. Qe2 Nh4 27. Be4 Ng6 28. Qc2 Nf4 29. Kh1 g4 30. fxg4 Bxg4 31. Be3 Bg5 32. Rf2 Rf6 33. Rbf1 Raf8 34. Qb1 Be2 35. Rc1 Bh5 36. Rcf1 Nh3 37. Rxf6 Rxf6 38. Bxg5 Nxg5 39. Bf5 Be2 40. Rc1 Qf7 41. Bd3 Bxd3 42. Qxd3 e4 43. Qe3 Rf1+ 44. Rxf1 Qxf1+ 45. Qg1 Qf4 46. Nc3 e3 47. Qb1 Kg7 48. Qd3 Qf2 49. Qe2 Kf6 50. g3 Qxe2 51. Nxe2 Ke5 52. Kg2 Ke4 53. h4 Nf7 54. g4 Kd3 55. Nf4+ Kxc4 56. Kf3 Ne5+ 57. Kxe3 Nxg4+ 58. Ke4 Nf6+ 59. Kf5 Nxd5 60. Ne6 Ne3+ 61. Kg6 d5 62. Kxh6 d4 63. Nf4 Nf5+ 64. Kg5 Nxh4 65. Kxh4 d3 66. Ng2 Kd4 67. Nf4 d2 68. Ne2+ Kd3 69. Nc3 Kc2 70. Kg3 d1=Q 71. Nxd1 Kxd1 72. Kf3 Kc2 73. Ke2 c4 0-1

[Event "Montreal op"]
[Site "Montreal CAN"]
[Date "2009.09.12"]
[Round "2"]
[White "Poulin, Mathieu"]
[Black "Audet-Bouchard, Nicolas"]
[Result "1-0"]
[WhiteElo "1949"]
[BlackElo "2123"]
[PlyCount "105"]
[GameId "2160767910096696"]
[EventDate "2009.09.11"]
[EventType "swiss"]
[EventRounds "5"]
[EventCountry "CAN"]
[SourceTitle "hb 2009.10"]

1. d4 Nf6 2. c4 d6 3. Nc3 Nbd7 4. e4 e5 5. Nf3 Be7 6. Be2 O-O 7. O-O c5 8. dxe5 dxe5 9. Qc2 Re8 10. Rd1 Qc7 11. Nd5 Nxd5 12. cxd5 Bd6 13. Nd2 Nf6 14. a4 a5 15. Nc4 Rf8 16. Ra3 b6 17. Bg5 Ne8 18. Qb3 Rb8 19. Qg3 f6 20. Bd2 Kh8 21. Qh4 g6 22. g4 Rf7 23. Rf3 Ba6 24. b3 Bxc4 25. Bxc4 Qe7 26. Bc3 g5 27. Qg3 Nc7 28. Kg2 Rg8 29. Rh1 Rg6 30. Rf5 Rfg7 31. Qd3 Rh6 32. Bb5 Rgg6 33. Be1 Kg7 34. f3 Kf7 35. h4 gxh4 36. Bd2 Qf8 37. Bxh6 Qxh6 38. Kh3 Kg7 39. Rg1 c4 40. bxc4 Bc5 41. Rd1 Rg5 42. Qd2 Qg6 43. Rxg5 fxg5 44. Bd7 Bd4 45. Bf5 Qf6 46. c5 Bxc5 47. d6 Ne8 48. d7 Nd6 49. Qd5 Bd4 50. Rc1 Nf7 51. Rc8 Nd8 52. Qa8 Nf7 53. Rg8+ 1-0

[Event "Montreal op"]
[Site "Montreal CAN"]
[Date "2009.09.12"]
[Round "3"]
[White "Falardeau, Bruno"]
[Black "Masse, Hugues"]
[Result "0-1"]
[WhiteElo "2267"]
[BlackElo "2024"]
[PlyCount "106"]
[GameId "2160767910096698"]
[EventDate "2009.09.11"]
[EventType "swiss"]
[EventRounds "5"]
[EventCountry "CAN"]
[SourceTitle "hb 2009.10"]

1. c4 Nf6 2. Nc3 g6 3. Nf3 Bg7 4. e4 d6 5. d4 O-O 6. Be2 e5 7. Bg5 h6 8. Bh4 exd4 9. Nxd4 Nc6 10. Nxc6 bxc6 11. O-O Qe8 12. f3 Nd7 13. Bf2 Rb8 14. Rb1 a6 15. Qa4 Nb6 16. Qa3 Be6 17. Bxb6 Rxb6 18. b4 c5 19. Nd5 Bxd5 20. cxd5 cxb4 21. Rxb4 Rxb4 22. Qxb4 Qa8 23. Rb1 a5 24. Qb7 Bd4+ 25. Kf1 Qxb7 26. Rxb7 Bb6 27. e5 Rd8 28. exd6 Rxd6 29. Rb8+ Kg7 30. Bc4 Rf6 31. Ke2 Rf4 32. d6 Rd4 33. Bb3 Rxd6 34. Re8 Kf6 35. Re4 Rd7 36. Ba4 Rd6 37. Bb3 Kg7 38. g4 Rf6 39. Re8 Bc5 40. Rc8 Rc6 41. Bd5 Rd6 42. Bxf7 Rd7 43. Bc4 Re7+ 44. Kd2 Be3+ 45. Kd3 Bf4 46. h4 Re3+ 47. Kd4 Rxf3 48. Ke4 Rc3 49. Kd4 Be5+ 50. Kc5 Rh3 51. Rg8+ Kh7 52. Rd8 Rxh4 53. Kd5 Rxg4 0-1

[Event "Montreal op"]
[Site "Montreal CAN"]
[Date "2009.09.12"]
[Round "3"]
[White "Leveille, Francois"]
[Black "Qin, Zi Yi (Joey)"]
[Result "1-0"]
[WhiteElo "2313"]
[BlackElo "2038"]
[PlyCount "77"]
[GameId "2160767910096703"]
[EventDate "2009.09.11"]
[EventType "swiss"]
[EventRounds "5"]
[EventCountry "CAN"]
[SourceTitle "hb 2009.10"]

1. d4 Nf6 2. c4 g6 3. Nc3 Bg7 4. e4 d6 5. Nf3 O-O 6. Be2 e5 7. dxe5 dxe5 8. Qxd8 Rxd8 9. Bg5 c6 10. Nxe5 Re8 11. O-O-O Na6 12. f4 Nc5 13. Bf3 Ne6 14. Nxc6 Nxg5 15. fxg5 bxc6 16. gxf6 Bxf6 17. Kc2 Be5 18. Na4 f5 19. Nc5 g5 20. exf5 Bxf5+ 21. Be4 Bxe4+ 22. Nxe4 Bxb2 23. Rhe1 Be5 24. Rd7 h6 25. h3 Bg7 26. Re2 Rab8 27. Kd3 Rbd8 28. Nd6 Rxd7 29. Rxe8+ Bf8 30. c5 Kg7 31. Re6 Re7 32. Nf5+ Kf7 33. Rxe7+ Bxe7 34. Kc4 h5 35. Nd4 Bf8 36. Nxc6 a6 37. a4 Ke6 38. Nb8 a5 39. Nc6 1-0

[Event "Montreal op"]
[Site "Montreal CAN"]
[Date "2009.09.12"]
[Round "3"]
[White "Melia, Salome"]
[Black "Ramaswamy, Kishor"]
[Result "1-0"]
[WhiteElo "2441"]
[BlackElo "2202"]
[PlyCount "46"]
[GameId "2160767910096704"]
[EventDate "2009.09.11"]
[EventType "swiss"]
[EventRounds "5"]
[EventCountry "CAN"]
[SourceTitle "EXT 2011"]
[Source "ChessBase"]
[SourceDate "2011.11.26"]
[SourceVersion "1"]
[SourceVersionDate "2011.11.26"]
[SourceQuality "1"]

1. e4 c6 2. d4 d5 3. exd5 cxd5 4. c4 Nf6 5. Nc3 e6 6. Nf3 Bb4 7. cxd5 Nxd5 8. Bd2 O-O 9. Bd3 Nc6 10. O-O Be7 11. Re1 Nf6 12. Bg5 b6 13. Ne5 Bb7 14. Ba6 Qc8 15. Qf3 Na5 16. Bxb7 Qxb7 17. Qxb7 Nxb7 18. Nc6 Bd6 19. Bxf6 gxf6 20. d5 e5 21. Ne4 Kg7 22. Re3 Rfe8 23. Rg3+ Kh6 1-0

[Event "Montreal op"]
[Site "Montreal CAN"]
[Date "2009.09.12"]
[Round "3"]
[White "Papineau (Granby), Daniel"]
[Black "Bolduc, Steve"]
[Result "0-1"]
[WhiteElo "2078"]
[BlackElo "2244"]
[PlyCount "84"]
[GameId "2160767910096706"]
[EventDate "2009.09.11"]
[EventType "swiss"]
[EventRounds "5"]
[EventCountry "CAN"]
[SourceTitle "hb 2009.10"]

1. d4 Nf6 2. c4 e6 3. Nc3 Bb4 4. f3 c5 5. d5 b5 6. Nh3 bxc4 7. e4 exd5 8. exd5 d6 9. Bxc4 Bxh3 10. gxh3 O-O 11. O-O Nbd7 12. Kh1 Bxc3 13. bxc3 Re8 14. Rg1 Re5 15. Bg5 Rxg5 16. Rxg5 h6 17. Rg2 Nh5 18. Qd2 Qf6 19. Rag1 Ne5 20. Be2 Ng6 21. f4 Nhxf4 22. Rf2 Qe5 23. Bf3 Re8 24. c4 Qe3 25. Qxe3 Rxe3 26. Bg4 Nxh3 27. Bxh3 Rxh3 28. Rgf1 Ne5 29. Rb1 Ra3 30. Rb8+ Kh7 31. Rd8 Ra6 32. h4 h5 33. Rf5 f6 34. Rxh5+ Kg6 35. Rhh8 Rxa2 36. Kg1 Nf7 37. h5+ Kg5 38. Rhg8 Nxd8 39. Rxg7+ Kxh5 40. Rd7 Ra6 41. Rxd8 Kg5 42. Rc8 Kf4 0-1

[Event "Montreal op"]
[Site "Montreal CAN"]
[Date "2009.09.12"]
[Round "3"]
[White "Poulin, Mathieu"]
[Black "Ibrahim, Anthony"]
[Result "0-1"]
[WhiteElo "1949"]
[BlackElo "2210"]
[PlyCount "40"]
[GameId "2160767910096707"]
[EventDate "2009.09.11"]
[EventType "swiss"]
[EventRounds "5"]
[EventCountry "CAN"]
[SourceTitle "hb 2009.10"]

1. d4 Nf6 2. c4 e6 3. Nc3 Bb4 4. Qc2 O-O 5. a3 Bxc3+ 6. Qxc3 b6 7. Bg5 h6 8. Bh4 Bb7 9. f3 d5 10. e3 Nbd7 11. Bf2 c5 12. Bd3 Rc8 13. dxc5 Nxc5 14. Be2 dxc4 15. Bxc4 Nfe4 16. Qc2 Nxf2 17. Kxf2 b5 18. Rd1 Qf6 19. b4 Ne4+ 20. Ke2 Rxc4 0-1

[Event "Montreal op"]
[Site "Montreal CAN"]
[Date "2009.09.12"]
[Round "3"]
[White "Sambuev, Bator"]
[Black "Chabot, Roland"]
[Result "1-0"]
[WhiteElo "2531"]
[BlackElo "2245"]
[PlyCount "100"]
[GameId "2160767910096709"]
[EventDate "2009.09.11"]
[EventType "swiss"]
[EventRounds "5"]
[EventCountry "CAN"]
[SourceTitle "EXT 2011"]
[Source "ChessBase"]
[SourceDate "2011.11.26"]
[SourceVersion "1"]
[SourceVersionDate "2011.11.26"]
[SourceQuality "1"]

1. e4 c5 2. Nf3 e6 3. d4 cxd4 4. Nxd4 Nf6 5. Nc3 d6 6. f4 Nc6 7. Nf3 Be7 8. a3 a6 9. Bd3 b5 10. O-O Bb7 11. b4 Rc8 12. Qe1 Nd7 13. Bb2 Bf6 14. e5 dxe5 15. Ne4 Be7 16. fxe5 O-O 17. Qg3 h6 18. Kh1 a5 19. Nd6 Rb8 20. Nxb7 Rxb7 21. Bc1 f5 22. exf6 Rxf6 23. Bb2 e5 24. Be4 Rc7 25. Rfd1 Qe8 26. bxa5 Bd6 27. a6 Nc5 28. Bd5+ Kh7 29. Qh3 Rg6 30. Qh5 Qc8 31. h4 Qg4 32. Qxg4 Rxg4 33. c4 Na7 34. Bb7 e4 35. Rxd6 exf3 36. cxb5 Nxb7 37. axb7 fxg2+ 38. Kg1 Rxb7 39. a4 Nxb5 40. axb5 Rxb5 41. Rd4 Rxd4 42. Bxd4 Rb4 43. Bf2 Rg4 44. Ra6 h5 45. Ra5 g6 46. Rd5 Kg8 47. Rd4 Rxd4 48. Bxd4 Kf7 49. Kxg2 Ke6 50. Kf3 Kd5 1-0

[Event "Montreal op"]
[Site "Montreal CAN"]
[Date "2009.09.12"]
[Round "3"]
[White "Tessier, Olivier"]
[Black "Barbeau, Sylvain"]
[Result "0-1"]
[WhiteElo "2213"]
[BlackElo "2365"]
[PlyCount "150"]
[GameId "2160767910096710"]
[EventDate "2009.09.11"]
[EventType "swiss"]
[EventRounds "5"]
[EventCountry "CAN"]
[SourceTitle "EXT 2011"]
[Source "ChessBase"]
[SourceDate "2011.11.26"]
[SourceVersion "1"]
[SourceVersionDate "2011.11.26"]
[SourceQuality "1"]

1. d4 Nf6 2. c4 g6 3. Nc3 d5 4. cxd5 Nxd5 5. e4 Nxc3 6. bxc3 Bg7 7. Nf3 c5 8. Bb5+ Bd7 9. Bxd7+ Qxd7 10. O-O O-O 11. Be3 cxd4 12. cxd4 Rc8 13. Qb3 Nc6 14. e5 Na5 15. Qb4 Nc4 16. Bg5 Rc7 17. Rfe1 Rac8 18. Rad1 e6 19. h3 a5 20. Qb3 a4 21. Qb4 h6 22. Bc1 b5 23. Qb1 Qd5 24. Qd3 Nb6 25. a3 Rc3 26. Qf1 Nc4 27. Nd2 Nxd2 28. Rxd2 Bf8 29. Bb2 Rc2 30. Ree2 R2c4 31. Qd1 b4 32. axb4 Bxb4 33. Rc2 a3 34. Ba1 Qc6 35. Rxc4 Qxc4 36. Kh2 Qc1 37. Qb3 Bf8 38. d5 Qxa1 39. dxe6 Qc3 40. exf7+ Kg7 41. Qa4 Qc7 42. Qd1 Qxf7 43. e6 Qc7+ 44. g3 Be7 45. Qd4+ Bf6 46. Qa4 Qe7 47. Qa6 Rd8 48. Re3 Bb2 49. Rf3 Rd6 50. Rf7+ Qxf7 51. Qxd6 Qxf2+ 52. Kh1 Qe1+ 53. Kh2 Qe2+ 54. Kh1 a2 55. Qd7+ Kf6 56. Qd8+ Kxe6 57. Qe8+ Kd5 58. Qxe2 a1=Q+ 59. Kg2 Bd4 60. Qb5+ Kd6 61. Qb8+ Ke7 62. Qc7+ Kf8 63. Qd6+ Kg7 64. Qe7+ Kg8 65. Qe6+ Kh7 66. Qe7+ Bg7 67. h4 Qe5 68. Qb7 Qb2+ 69. Qxb2 Bxb2 70. Kf3 h5 71. g4 Kh6 72. gxh5 Kxh5 73. Kg3 Be5+ 74. Kh3 Bd6 75. Kg2 Kxh4 0-1

[Event "Montreal op"]
[Site "Montreal CAN"]
[Date "2009.09.13"]
[Round "4"]
[White "Bolduc, Steve"]
[Black "Khashper, Arkady"]
[Result "1-0"]
[WhiteElo "2244"]
[BlackElo "2106"]
[PlyCount "83"]
[GameId "2160767910096712"]
[EventDate "2009.09.11"]
[EventType "swiss"]
[EventRounds "5"]
[EventCountry "CAN"]
[SourceTitle "hb 2009.10"]

1. c4 c5 2. Nc3 Nc6 3. g3 g6 4. Bg2 Bg7 5. e4 Nf6 6. Nge2 d6 7. O-O O-O 8. h3 a6 9. a4 Rb8 10. d3 Ne8 11. Be3 Nd4 12. Rb1 b5 13. axb5 axb5 14. Bxd4 cxd4 15. Nxb5 e5 16. b4 Bd7 17. Na3 Qb6 18. Qd2 Nc7 19. b5 Ne6 20. Nc2 Nc5 21. Nb4 Ra8 22. Qb2 Na4 23. Qc2 h5 24. Ra1 Nc5 25. Rfb1 Kh7 26. Nc1 Rfc8 27. Rxa8 Rxa8 28. Nb3 Ra3 29. Nd5 Qb8 30. Nxc5 dxc5 31. Bf1 Qa7 32. b6 Qb7 33. Qb2 Ra5 34. Ra1 Rxa1 35. Qxa1 Bc6 36. Qa7 Bf8 37. h4 Kg7 38. Nc7 Be7 39. Bh3 Bd8 40. Bd7 Kf8 41. Bxc6 Qxc6 42. Nd5 1-0

[Event "Montreal op"]
[Site "Montreal CAN"]
[Date "2009.09.13"]
[Round "4"]
[White "Cournoyer, Dominic"]
[Black "Papineau (Granby), Daniel"]
[Result "0-1"]
[WhiteElo "1862"]
[BlackElo "2078"]
[PlyCount "100"]
[GameId "2160767910096714"]
[EventDate "2009.09.11"]
[EventType "swiss"]
[EventRounds "5"]
[EventCountry "CAN"]
[SourceTitle "hb 2009.10"]

1. c4 e5 2. Nc3 Nc6 3. Nf3 g6 4. g3 Bg7 5. Bg2 d6 6. O-O Be6 7. d3 h6 8. Rb1 Qd7 9. Re1 Nf6 10. b4 O-O 11. b5 Nd8 12. Nd2 Bh3 13. Bf3 Nh7 14. Bb2 Ng5 15. Bd5 Be6 16. Bxe6 Ndxe6 17. Nde4 Nh3+ 18. Kg2 f5 19. Kxh3 fxe4 20. Kg2 exd3 21. Qxd3 Ng5 22. Ne4 Qh3+ 23. Kg1 Qf5 24. Nxg5 Qxf2+ 25. Kh1 hxg5 26. Qd5+ Kh8 27. Qxb7 g4 28. Qe4 Qf5 29. Qg2 Bh6 30. c5 dxc5 31. Qd5 Bg7 32. Qxc5 Qe4+ 33. Kg1 Rf5 34. Qc6 Qe3+ 35. Kh1 Raf8 36. Qg2 Rf2 37. Qc6 Qh6 38. h4 gxh3 39. Bc1 Qh5 40. Rb4 Rg2 41. Rh4 Qxh4 42. gxh4 Rff2 43. Be3 Rh2+ 44. Kg1 Rfg2+ 45. Qxg2 Rxg2+ 46. Kh1 e4 47. Bxa7 Be5 48. b6 cxb6 49. Bxb6 Bg3 50. Rg1 Rh2# 0-1

[Event "Montreal op"]
[Site "Montreal CAN"]
[Date "2009.09.13"]
[Round "4"]
[White "Fareh, Youness"]
[Black "Falardeau, Bruno"]
[Result "1-0"]
[WhiteElo "2140"]
[BlackElo "2024"]
[PlyCount "85"]
[GameId "2160767910096715"]
[EventDate "2009.09.11"]
[EventType "swiss"]
[EventRounds "5"]
[EventCountry "CAN"]
[SourceTitle "hb 2009.10"]

1. c4 e5 2. Nc3 Nf6 3. Nf3 d6 4. g3 g6 5. Bg2 Bg7 6. O-O O-O 7. d3 c6 8. Rb1 a5 9. Bg5 Qc7 10. Qc2 Na6 11. a3 Nc5 12. b4 Ne6 13. Bd2 axb4 14. axb4 d5 15. cxd5 cxd5 16. Qb3 Rd8 17. Rfc1 Qd6 18. e3 Bd7 19. d4 exd4 20. Nxd4 Nxd4 21. exd4 Bf5 22. Ra1 Rxa1 23. Rxa1 Ne4 24. Be3 h5 25. h4 Bf8 26. b5 Nxc3 27. Qxc3 Be4 28. Rc1 Bxg2 29. Kxg2 Qb6 30. Qc7 Rd6 31. Qb8 Rd8 32. Qc7 Rd6 33. Qxb6 Rxb6 34. Rb1 Bg7 35. Kf3 Re6 36. Rc1 Bf8 37. Bf4 Bb4 38. Rc8+ Kg7 39. Rd8 f6 40. Rxd5 Kf8 41. Bc7 b6 42. Rd8+ Ke7 43. d5 1-0

[Event "Montreal op"]
[Site "Montreal CAN"]
[Date "2009.09.13"]
[Round "4"]
[White "Gerzhoy, Leonid"]
[Black "Rainfray, Arnaud"]
[Result "1-0"]
[WhiteElo "2412"]
[BlackElo "2394"]
[PlyCount "125"]
[GameId "2160767910096716"]
[EventDate "2009.09.11"]
[EventType "swiss"]
[EventRounds "5"]
[EventCountry "CAN"]
[SourceTitle "EXT 2011"]
[Source "ChessBase"]
[SourceDate "2011.11.26"]
[SourceVersion "1"]
[SourceVersionDate "2011.11.26"]
[SourceQuality "1"]

1. d4 d5 2. c4 e6 3. Nc3 c5 4. cxd5 exd5 5. Nf3 Nc6 6. g3 Nf6 7. Bg2 Be7 8. O-O O-O 9. b3 Bg4 10. dxc5 Bxc5 11. Bb2 a6 12. h3 Be6 13. Rc1 Ba7 14. Na4 Ne4 15. Nd4 Qd6 16. e3 Rfd8 17. Nxe6 Qxe6 18. Qg4 Qxg4 19. hxg4 Rac8 20. Rfd1 Nxg3 21. fxg3 Bxe3+ 22. Kf1 Bxc1 23. Bxc1 Ne5 24. Nb6 Rc2 25. Nxd5 Re8 26. Nb4 Rc7 27. g5 a5 28. Nd5 Rc2 29. Bf4 Nc6 30. Nc7 Rd8 31. Rxd8+ Nxd8 32. a4 h6 33. gxh6 gxh6 34. Nb5 Kg7 35. Nd4 Rc5 36. Ke2 h5 37. Kd3 Kf6 38. Bf3 Ke7 39. Nb5 Kd7 40. Nd6 b6 41. Ne4 Rf5 42. Bxh5 Ne6 43. Bg4 Rd5+ 44. Ke3 Ke7 45. Bxe6 Kxe6 46. Bc7 f5 47. Nc3 Rd7 48. Nb5 Rg7 49. Kf2 Kd5 50. Bxb6 Rg4 51. Bxa5 f4 52. gxf4 Rxf4+ 53. Ke3 Rh4 54. Kd3 Rh3+ 55. Kc2 Rh2+ 56. Kc3 Rh3+ 57. Kb4 Rh4+ 58. Ka3 Rh3 59. Bb4 Kc6 60. Bc3 Kc5 61. Bd4+ Kc6 62. Kb4 Rh4 63. Kc4 1-0

[Event "Montreal op"]
[Site "Montreal CAN"]
[Date "2009.09.13"]
[Round "4"]
[White "Ibrahim, Anthony"]
[Black "Hajiyev, Elshad"]
[Result "1-0"]
[WhiteElo "2210"]
[BlackElo "2086"]
[PlyCount "64"]
[GameId "2160767910096717"]
[EventDate "2009.09.11"]
[EventType "swiss"]
[EventRounds "5"]
[EventCountry "CAN"]
[SourceTitle "hb 2009.10"]

1. e4 c6 2. Nf3 d5 3. Nc3 Bg4 4. exd5 cxd5 5. d4 e6 6. Be2 Nc6 7. O-O Rc8 8. Re1 Bb4 9. Bf4 Nge7 10. a3 Ba5 11. Nb5 O-O 12. b4 Bb6 13. Nd6 Rb8 14. c4 dxc4 15. Nxc4 Bc7 16. Bxc7 Qxc7 17. Rc1 Qf4 18. g3 Qh6 19. b5 Nd8 20. Nce5 f5 21. Nd7 Nf7 22. Nxb8 Rxb8 23. Ne5 Nxe5 24. dxe5 Bxe2 25. Rxe2 Nd5 26. Rec2 Qg5 27. Rc8+ Rxc8 28. Rxc8+ Kf7 29. h4 Qh6 30. Rb8 g5 31. Rxb7+ Kg6 32. h5+ Qxh5 1-0

[Event "Montreal op"]
[Site "Montreal CAN"]
[Date "2009.09.13"]
[Round "4"]
[White "Jiang, Louie"]
[Black "Melia, Salome"]
[Result "1/2-1/2"]
[WhiteElo "2278"]
[BlackElo "2441"]
[PlyCount "109"]
[GameId "2160767910096718"]
[EventDate "2009.09.11"]
[EventType "swiss"]
[EventRounds "5"]
[EventCountry "CAN"]
[SourceTitle "EXT 2011"]
[Source "ChessBase"]
[SourceDate "2011.11.26"]
[SourceVersion "1"]
[SourceVersionDate "2011.11.26"]
[SourceQuality "1"]

1. e4 c5 2. Nf3 d6 3. d4 cxd4 4. Nxd4 Nf6 5. f3 Nc6 6. c4 Qb6 7. Nc2 g6 8. Nc3 Bg7 9. Rb1 Ng4 10. Qd2 Bh6 11. Qe2 Bxc1 12. Nd5 Qd8 13. Rxc1 e6 14. Nc3 Qg5 15. Rd1 Nxh2 16. Qf2 Nxf1 17. Rxf1 Qc5 18. Nb5 O-O 19. Nca3 Rd8 20. Rxd6 Qe5 21. Rxd8+ Nxd8 22. Qd4 Qxd4 23. Nxd4 e5 24. Ndb5 Ne6 25. Rf2 Bd7 26. Nd6 Bc6 27. b4 b6 28. Rd2 Kf8 29. Nc2 Rd8 30. Nb5 Rxd2 31. Kxd2 Bxb5 32. cxb5 h5 33. Ne3 Ke7 34. a4 Nd4 35. Kd3 Ke6 36. Nd5 h4 37. Ke3 Kd6 38. Kd3 Nxf3 39. a5 Nd4 40. axb6 axb6 41. Kc4 f5 42. exf5 gxf5 43. Nxb6 f4 44. Na4 Nc2 45. b6 Kc6 46. b5+ Kb7 47. Kd5 Ne3+ 48. Kxe5 Nxg2 49. Nc5+ Kxb6 50. Nd3 h3 51. Nf2 h2 52. Ke4 Ne1 53. Kxf4 Nd3+ 54. Kg3 Nxf2 55. Kxh2 1/2-1/2

[Event "Montreal op"]
[Site "Montreal CAN"]
[Date "2009.09.13"]
[Round "4"]
[White "Libersan, Thierry"]
[Black "Tessier, Olivier"]
[Result "0-1"]
[WhiteElo "2119"]
[BlackElo "2213"]
[PlyCount "104"]
[GameId "2160767910096720"]
[EventDate "2009.09.11"]
[EventType "swiss"]
[EventRounds "5"]
[EventCountry "CAN"]
[SourceTitle "EXT 2011"]
[Source "ChessBase"]
[SourceDate "2011.11.26"]
[SourceVersion "1"]
[SourceVersionDate "2011.11.26"]
[SourceQuality "1"]

1. e4 Nf6 2. e5 Nd5 3. d4 d6 4. Nf3 Bg4 5. Bc4 dxe5 6. dxe5 e6 7. O-O c6 8. Qe2 Nd7 9. Nbd2 Qc7 10. Bb3 Be7 11. Re1 Rd8 12. h3 Bh5 13. g3 N5b6 14. g4 Bg6 15. Nf1 h5 16. Bf4 hxg4 17. hxg4 Nc5 18. Ng3 Nd5 19. Bxd5 Rxd5 20. Kg2 Qb6 21. b3 Qb4 22. c4 Rd8 23. Rh1 Rxh1 24. Rxh1 Kd7 25. Rd1+ Kc7 26. Rxd8 Kxd8 27. Qd2+ Qxd2 28. Nxd2 Nd3 29. Kf3 Bc5 30. Nge4 Bd4 31. Nd6 Bxe5 32. Bxe5 Nxe5+ 33. Kf4 Nd3+ 34. Ke3 Nb4 35. f4 Nxa2 36. f5 exf5 37. gxf5 Kd7 38. c5 Bh7 39. Ke4 Nc3+ 40. Kf4 Nd5+ 41. Ke5 f6+ 42. Ke4 b6 43. N2c4 Ne7 44. b4 b5 45. Ne3 g6 46. fxg6 Bxg6+ 47. Kd4 Ke6 48. Nb7 f5 49. Ng2 Nd5 50. Na5 Be8 51. Nb7 Nxb4 52. Nf4+ Kf6 0-1